ABA Code 5 birds Quiz Stats

 Plays Quiz not verified by Sporcle

Also try: 2008 Executions
Challenge
Share
Tweet
Embed
Score 0/130 Timer 20:00
0 Plays Today
Scientific Name Answer % Correct
Bulweria bulweriiBulwer's Petrel
100%
Ixobrychus sinensisYellow Bittern
100%
Eudocimus ruberScarlet Ibis
100%
Anser erythropusLesser White-fronted Goose
88.9%
Anser anserGraylag Goose
88.9%
Thalassarche melanophrisBlack-browed Albatross
88.9%
Fregata arielLesser Frigatebird
88.9%
Egretta eulophotesChinese Egret
88.9%
Egretta gularisWestern Reef-Heron
88.9%
Ardeola bacchusChinese Pond-Heron
88.9%
Pterodroma madeiraZino's Petrel
77.8%
Fregata minorGreat Frigatebird
77.8%
Mesophoyx intermediaIntermediate Egret
77.8%
Geranospiza caerulescensCrane Hawk
77.8%
Larus belcheriBelcher's Gull
77.8%
Zenaida auritaZenaida Dove
77.8%
Asio stygiusStygian Owl
77.8%
Upupa epopsEurasian Hoopoe
77.8%
Falco vespertinusRed-footed Falcon
77.8%
Myiarchus nuttingiNutting's Flycatcher
77.8%
Tityra semifasciataMasked Tityra
77.8%
Vireo magisterYucatan Vireo
77.8%
Ficedula narcissinaNarcissus Flycatcher
77.8%
Ficedula mugimakiMugimaki Flycatcher
77.8%
Thalassarche salviniSalvin's Albatross
66.7%
Pterodroma macropteraGreat-winged Petrel
66.7%
Procellaria parkinsoniParkinson's Petrel
66.7%
Puffinis newelliNewell's Shearwater
66.7%
Puffinus baroliBarolo Shearwater
66.7%
Burhinus bistriatusDouble-striped Thick-knee
66.7%
Haematopus ostralegusEurasian Oystercatcher
66.7%
Charadrius leschenaultiiGreater Sand-Plover
66.7%
Numenius minutusLittle Curlew
66.7%
Gallinago stenuraPin-tailed Snipe
66.7%
Gallinago solitariaSolitary Snipe
66.7%
Scolopax rusticolaEurasian Woodcock
66.7%
Caprimulgus indicusGray Nightjar
66.7%
Atthis heloisaBumblebee Hummingbird
66.7%
Amazilia rutilaCinnamon Hummingbird
66.7%
Hylocharis xantusiiXantus's Hummingbird
66.7%
Chloroceryle amazonaAmazon Kingfisher
66.7%
Jynx torquillaEurasian Wryneck
66.7%
Contopus caribaeusCuban Pewee
66.7%
Thryophilus sinaloaSinaloa Wren
66.7%
Scientific Name Answer % Correct
Phylloscopus collybitaCommon Chiffchaff
66.7%
Catharus aurantiirostrisOrange-billed Nightingale-Thrush
66.7%
Turdus merulaEurasian Blackbird
66.7%
Motacilla citreolaCitrine Wagtail
66.7%
Spizella wortheniWorthen's Sparrow
66.7%
Emberiza elegansYellow-throated Bunting
66.7%
Emberiza pallasiPallas's Bunting
66.7%
Diomedea exulansWandering Albatross
55.6%
Fregetta tropicaBlack-bellied Storm-Petrel
55.6%
Oceanodroma tristramiTristram's Storm-Petrel
55.6%
Tigrisoma mexicanumBare-throated Tiger-Heron
55.6%
Ardea cinereaGray Heron
55.6%
Fulica atraEurasian Coot
55.6%
Himantopus himantopusBlack-winged Stilt
55.6%
Charadrius collarisCollared Plover
55.6%
Tringa stagnatilisMarsh Sandpiper
55.6%
Glareola maldivarumOriental Pratincole
55.6%
Chroicocephalus cirrocephalusGray-hooded Gull
55.6%
Phaetusa simplexLarge-billed Tern
55.6%
Chlidonias hybridaWhiskered Tern
55.6%
Ninox japonicaNorthern Boobook
55.6%
Hirundapus caudacutusWhite-throated Needletail
55.6%
Apus apusCommon Swift
55.6%
Tyrannus caudifasciatusLoggerhead Kingbird
55.6%
Locustella lanceolataLanceolated Warbler
55.6%
Melanotis caerulescensBlue Mockingbird
55.6%
Emberiza aureolaYellow-breasted Bunting
55.6%
Agelaius humeralisTawny-shouldered Blackbird
55.6%
Icterus wagleriBlack-vented Oriole
55.6%
Procellaria aequinoctialisWhite-chinned Petrel
44.4%
Harpagus bidentatusDouble-toothed Kite
44.4%
Aramides axillarisRufous-necked Wood-Rail
44.4%
Neocrex erythropsPaint-billed Crake
44.4%
Pardirallus maculatusSpotted Rail
44.4%
Heliornis fulicaSungrebe
44.4%
Charadrius dubiusLittle Ringed Plover
44.4%
Tringa totanusCommon Redshank
44.4%
Patagioenas squamosaScaly-naped Pigeon
44.4%
Streptopelia turturEuropean Turtle-Dove
44.4%
Geotrygon montanaRuddy Quail-Dove
44.4%
Otus suniaOriental Scops-Owl
44.4%
Ciccaba virgataMottled Owl
44.4%
Calliphlox evelynaeBahama Woodstar
44.4%
Micrastur semitorquatusCollared Forest-Falcon
44.4%
Scientific Name Answer % Correct
Elaenia albicepsWhite-crested Elaenia
44.4%
Mitrephanes phaeocercusTufted Flycatcher
44.4%
Myiozetetes similisSocial Flycatcher
44.4%
Empidonomus variusVariegated Flycatcher
44.4%
Progne cryptoleucaCuban Martin
44.4%
Progne chalybeaGray-breasted Martin
44.4%
Progne elegansSouthern Martin
44.4%
Tachycineta albilineaMangrove Swallow
44.4%
Phylloscopus trochilusWillow Warbler
44.4%
Phylloscopus sibilatrixWood Warbler
44.4%
Phylloscopus examinandusKamchatka Leaf Warbler
44.4%
Sylvia currucaLesser Whitethroat
44.4%
Muscicapa dauuricaAsian Brown Flycatcher
44.4%
Muscicapa striataSpotted Flycatcher
44.4%
Luscinia cyaneSiberian Blue Robin
44.4%
Myadestes occidentalisBrown-backed Solitaire
44.4%
Catharus mexicanusBlack-headed Nightingale-Thrush
44.4%
Turdus philomelosSong Thrush
44.4%
Turdus plumbeusRed-legged Thrush
44.4%
Anthus trivialisTree Pipit
44.4%
Ptiliogonys cinereusGray Silky-flycatcher
44.4%
Emberiza chrysophrysYellow-browed Bunting
44.4%
Leucosticte arctoaAsian Rosy-Finch
44.4%
Spinus spinusEurasian Siskin
44.4%
Phoebetria palpebrataLight-mantled Albatross
33.3%
Calonectris edwardsiiCape Verde Shearwater
33.3%
Oceanodroma hornbyiRinged Storm-Petrel
33.3%
Oceanodroma monorhisSwinhoe's Storm-Petrel
33.3%
Gallinula chloropusCommon Moorhen
33.3%
Creagrus furcatusSwallow-tailed Gull
33.3%
Tachornis phoenicobiaAntillean Palm-Swift
33.3%
Myiopagis viridicataGreenish Elaenia
33.3%
Progne taperaBrown-chested Martin
33.3%
Phylloscopus proregulusPallas's Leaf Warbler
33.3%
Luscinia sibilansRufous-tailed Robin
33.3%
Phoenicurus phoenicurusCommon Redstart
33.3%
Emberiza leucocephalosPine Bunting
33.3%
Empidonomus aurantioatrocristatusCrowned Slaty Flycatcher
22.2%
Pachyramphus majorGray-collared Becard
22.2%
Acrocephalus schoenobaenusSedge Warbler
22.2%
Emberiza variabilisGray Bunting
22.2%
0%

You're not logged in!

Compare scores with friends on all Sporcle quizzes.
Join for Free
OR
Log In

You Might Also Like...

Show Comments

Extras

Created Feb 28, 2016ReportFavoriteNominate
Tags:Animals Birds, bird

Top Quizzes Today


Score Distribution

Your Account Isn't Verified!

In order to create a playlist on Sporcle, you need to verify the email address you used during registration. Go to your Sporcle Settings to finish the process.

Report this User

Report this user for behavior that violates our Community Guidelines.

Details: